000 006310000a22001450004500
090 _aAS
_bSeriadas
245 1 0 _aEstudios preliminares con radiotelemetría sobre los desplazamientos de hembras de la tortuga Podocnemis unifilis en el río Caquetá, Amazonas, Colombia
246 3 _aPreliminary radiotelemetry study of the movements of female Podocnemis unifilis turtles in the Caquetá river, Amazonas, Colombia
041 0 _aEspañol
700 1 _aPáez, Vivian P.
_923030
700 1 _aPérez , Néstor F.
_999630
100 1 _aBock, Brian C.
_9454
942 _cARTICULO
773 1 _tActualidades Biológicas
_h68
_q29-36
_d1998
_g20
999 _c15399
_d15399